| 000 | 00603nam a2200205Ii 4500 | ||
|---|---|---|---|
| 001 | 3387 | ||
| 003 | CO-ViMGA | ||
| 008 | 241108s9999||||xx |||||||||||||| ||und|| | ||
| 040 |
_aCO-ViMGA _bspa _erda _cCO-ViMGA |
||
| 041 | 0 | _aunk | |
| 082 | 0 | 4 | _a302.23 - B368 |
| 100 | 1 |
_aJohn Bear _955358 |
|
| 245 | 1 | 0 | _aEl mundo de la comunicación |
| 264 | 1 | _a[Lugar de publicación no identificado] : Editorial Sigmar, 1975 | |
| 300 | _avolumen | ||
| 336 |
_atext _btxt _2rdacontent |
||
| 337 |
_aunmediated _bn _2rdamedia |
||
| 338 |
_avolume _bnc _2rdacarrier |
||
| 940 | _aidficha_siabuc: 3305. -- ficha_no_siabuc:3387 | ||
| 999 |
_c52864 _d52864 |
||